| 000 | 00973cam a2200313 a 4500 | ||
|---|---|---|---|
| 001 | 25981 | ||
| 003 | BD-RjUL | ||
| 005 | 20211209050944.0 | ||
| 008 | 140319r19501902enk 000 1 eng d | ||
| 020 | _a0192500147 | ||
| 035 | _a(BD-RjUL)26051 | ||
| 040 |
_aPU _cPU _beng _dBD-RjUL |
||
| 041 | _aeng | ||
| 082 | 0 | 4 |
_a823.8 _bBRS 1950 |
| 090 |
_aPR4167 _b.S52 1902 |
||
| 100 | 1 |
_aBrontë, Charlotte, _d1816-1855. _979833 |
|
| 245 | 1 | 0 |
_aShirley : _ba tale / _cby Charlotte Brontë. |
| 260 | 0 |
_aLondon : _bOxford University Press, _c1902 [reprinted 1950]. |
|
| 300 |
_avi, 645 p. ; _c15 cm. |
||
| 490 | 1 |
_aWorld's classics ; _v14 |
|
| 490 | 1 |
_aNovels of Charlotte, Emily, and Anne Brontë ; _v3 |
|
| 500 | _aOriginally published, 1849. | ||
| 650 | 1 |
_a World's classics ; 014. _979834 |
|
| 830 | 0 |
_v14 _979839 |
|
| 830 | 0 |
_v3 _979840 |
|
| 830 | 0 |
_aWorld's classics ; _979841 |
|
| 830 | 0 |
_aNovels of Charlotte, Emily, and Anne Brontë ; _979842 |
|
| 942 |
_2ddc _cBK |
||
| 999 |
_c25981 _d25981 |
||